Lawns and Gardens (Record no. 12867)

MARC details
000 -LEADER
fixed length control field 00335nam a22001457a 4500
003 - CONTROL NUMBER IDENTIFIER
control field OSt
008 - FIXED-LENGTH DATA ELEMENTS--GENERAL INFORMATION
fixed length control field 240830b |||||||| |||| 00| 0 eng d
020 ## - INTERNATIONAL STANDARD BOOK NUMBER
International Standard Book Number 9788123017518
082 ## - DEWEY DECIMAL CLASSIFICATION NUMBER
Classification number 635.9647
Item number JIL
100 ## - MAIN ENTRY--PERSONAL NAME
Personal name JINDAL, S.L
245 ## - TITLE STATEMENT
Title Lawns and Gardens
260 ## - PUBLICATION, DISTRIBUTION, ETC. (IMPRINT)
Place of publication, distribution, etc New Delhi:
Name of publisher, distributor, etc MIABGI,
Date of publication, distribution, etc 2013.
300 ## - PHYSICAL DESCRIPTION
Extent 186p.
942 ## - ADDED ENTRY ELEMENTS (KOHA)
Source of classification or shelving scheme Dewey Decimal Classification
Koha item type Text Books
Holdings
Withdrawn status Lost status Source of classification or shelving scheme Damaged status Not for loan Collection code Home library Current library Date acquired Source of acquisition Currency Cost, normal purchase price Bill Number Total Checkouts Full call number Acc. no. / Barcode Date last seen Actual Cost, discounted price Bill Date Koha item type
    Dewey Decimal Classification     IKS- Indian Knowledge System PIET C-LIBRARY PIET C-LIBRARY 30/08/2024 Zafaa Books and Distributors INR 320.00 ZBD0153   635.9647 JIL 38436 30/08/2024 256.00 24/08/2024 Text Books

Design & Developed by: PIET Central Library
R70 Miles Stone Pattikalyana Samalkha Panipat 132102
mail ID :- [email protected], Phone No:- 0180-2569700 Ex.216